Arabian Peninsula Countries and Capitals Quiz Stats

 Plays Quiz not verified by Sporcle

Support Sporcle.
Go Orange.
Score 0/7 Timer 00:30
0 Plays Today
% Correct
Saudi Arabia, Riyadh
86%
Oman, Muscat
69.8%
United Arab Emirates, Abu Dhabi
67.4%
Kuwait, Kuwait City
58.1%
Qatar, Doha
53.5%
Yemen, Sana'a
48.8%
Bahrain, Manama
39.5%

You're not logged in!

Compare scores with friends on all Sporcle quizzes.
OR
Log In

From the Vault

Sets of Three VI

by nspyred

They've already been put in their groups, now it's up to you to figure out what they are.
Remove Ads.
Support Sporcle.
Get the best of Sporcle when you Go Orange. This ad-free experience offers more features, more stats, and more fun while also helping to support Sporcle. Thank you for becoming a member.

Show Comments

Extras

Top Quizzes Today


Score Distribution

Your Account Isn't Verified!

In order to create a playlist on Sporcle, you need to verify the email address you used during registration. Go to your Sporcle Settings to finish the process.

Report this User

Report this user for behavior that violates our Community Guidelines.

Details: